Представление документа в формате MARC21

Поле Инд. ПП Название Значение
Тип записи a
Библиографический уровень b
001 Контрольный номер RU/IS/BASE/185980609
005 Дата корректировки 20200610181715.0
008 Кодируемые данные 20051122
084 a Индекс другой классификации/Индекс ББК 60.561.22
100 1_ a Автор Гуревич Г. С.
245 a Заглавие Социальная ответственность крупного бизнеса: социологический феномен или рыночный механизм
650 a Основная рубрика социология
a Основная рубрика экономическая социология
653 a Ключевые слова крупное предпринимательство
a Ключевые слова предпринимательство
a Ключевые слова Россия
a Ключевые слова социальная ответственность бизнеса
a Ключевые слова социальная ответственность бизнеса
773 t Заглавие источника Вестник Московского университета. Серия 18, Социология и политология
d Дата издания источника 2005
g Прочая информация № 3. - С. 48 - 60
w Контрольный № источника RU/IS/BASE/184253657
901 t Тип документа b